[Event "RUS-ch qual 57th"]
[Site "St Petersburg"]
[Date "2004.05.26"]
[Round "5"]
[White "Riazantsev, Alexander"]
[Black "Loginov, Valery A"]
[Result "1-0"]
[WhiteElo "2556"]
[BlackElo "2516"]
[Annotator "Ftacnik,L"]
[PlyCount "129"]
[EventDate "2004.05.21"]
[EventType "swiss"]
[EventRounds "9"]
[EventCountry "RUS"]
[SourceTitle "CBM 102"]
[Source "ChessBase"]
[SourceDate "2004.09.23"]
[SourceVersion "1"]
[SourceVersionDate "2004.09.23"]
[SourceQuality "1"]

1. d4 Nf6 2. c4 e6 3. Nf3 b6 4. a3 Bb7 5. Nc3 g6 6. Qc2 Bxf3 7. exf3 Bg7 8. Bg5
O-O 9. O-O-O d5 10. cxd5 exd5 11. h4 c6 (11... h6 12. Be3 c6 13. g4 Qd6 (13...
Nbd7 14. g5 hxg5 15. hxg5 Nh7 16. f4 Re8 17. f5 gxf5 18. Qxf5 Ndf8 19. Bd3 Qc8
20. Rxh7 Qxf5 21. Rxg7+ Kxg7 22. Bxf5 $18 {0-1 Ponceleusz,B-Adamski,J/
Milanowek 2001/ (57)}) 14. h5 g5 15. Ne2 Rc8 16. Ng3 c5 17. Nf5 Qe6 18. Kb1 Nc6
19. Ba6 Re8 20. Rhe1 {1-0 Hoffman,A-Zarnicki,P/Buenos Aires 1998/ (27)}) 12. h5
$1 {White's plan is simple and very logical, he want's to open the h file and
crush black on the white squares.} Nbd7 13. hxg6 fxg6 (13... hxg6 14. f4 b5 15.
f5 gxf5 16. Qxf5 $16) 14. f4 Rf7 (14... Qc7 15. f5 gxf5 16. Qxf5 Rae8 17. Bd3
Rf7 18. Rxh7 Nxh7 19. Qxh7+ Kf8 20. Bg6 $16) 15. f5 gxf5 16. Bd3 $1 (16. Qxf5
$6 Nf8 17. Qc2 Qd6 18. Bd3 Re8 19. Rh4 $14) 16... Nf8 (16... h6 $5 17. Bxh6 Ne4
18. Be3 Qf6 19. g3 $16) 17. Bxf5 Qd6 18. Rh4 Re8 19. Rdh1 Ne4 $2 {Loginov must
have felt the danger from the well located white's pieces, but after 19...b5!
hsi counterplay could have been real.} (19... b5 $1 20. Bf4 Qe7 21. g4 (21. Be5
a5 22. g4 b4 $132) 21... a5 22. g5 Ne4 23. Bxh7+ Nxh7 24. g6 Rff8 25. gxh7+ Kh8
26. Be3 Ng3 27. R1h3 Nf5 28. Rg4 Qe6 $14) 20. Nxe4 dxe4 21. Bxe4 Bxd4 22. Kb1 (
22. Rg4 Qe6 23. Bf3 Bg7 24. Re4 $16) 22... Ng6 (22... Rxf2 23. Qc4+ Ne6 24. Bc1
Bf6 25. Bxh7+ Kf7 26. Rh6 $16) 23. Bxg6 hxg6 24. Qd3 $1 Rd7 (24... c5 25. Rh8+
$18) 25. Rxd4 {It is unfair to criticize this combination, but white could
have won much sooner with the fine check 25.Qc4+!} (25. Qc4+ $1 Kf8 (25... Kg7
26. Rh7+ Kf8 27. Bh6+ Bg7 28. Rh8+ Ke7 29. Bg5+ Bf6 30. Qe4+ $18) 26. Rf4+ $18)
25... Qxd4 26. Qxg6+ Kf8 27. Bh6+ Rg7 (27... Ke7 28. Re1+ $18) 28. Bxg7+ Qxg7
29. Qxc6 Qd4 30. Qh6+ Qg7 31. Qd6+ $1 (31. Qxg7+ Kxg7 32. Rh4 Re2 33. Rf4 $18)
31... Kg8 (31... Qe7 32. Rh8+ Kg7 33. Qh6+ $18) 32. Qd5+ Kf8 33. Rh3 Qg6+ 34.
Ka2 Qe6 35. Qxe6 Rxe6 36. Rf3+ $18 Kg7 37. Kb3 Re2 38. g3 Kg6 39. Kc3 b5 40. b4
Ra2 41. Kd4 Rc2 42. Rf8 Ra2 43. Kc5 Rxa3 44. Kxb5 a6+ 45. Kc5 Kg5 46. f3 Ra1
47. g4 Rc1+ 48. Kd4 {Riozantsev doesn't want to land in the position, where
the win is problematic despite advantage of two passed pawns.} (48. Kb6 Rb1 49.
Rf5+ Kh4 50. Kxa6 Rxb4 51. g5 Kh5 52. f4 Kg6 53. Rf6+ Kg7 $16) 48... Rd1+ 49.
Ke3 Rb1 50. Kf2 Rxb4 51. Rf5+ Kg6 52. Ra5 Rb6 53. Kg3 Kf7 54. f4 Kg7 (54... Kg6
55. Kh4 Kf6 56. g5+ Kg6 57. Kg4 $18) 55. g5 Kf7 56. Kg4 Rc6 57. Rf5+ Kg7 58.
Rd5 Rc7 59. Kh5 Ra7 60. f5 a5 61. f6+ Kf7 62. Rd6 Ra8 63. g6+ Ke8 64. Re6+ Kf8
65. Re7 1-0

[Event "Dortmund"]
[Site "Dortmund"]
[Date "1993.??.??"]
[Round "2"]
[White "Lutz, Christopher"]
[Black "Karpov, Anatoly"]
[Result "0-1"]
[WhiteElo "2550"]
[BlackElo "2725"]
[Annotator "Ftacnik,L"]
[PlyCount "148"]
[EventDate "1993.04.??"]
[EventType "tourn"]
[EventRounds "7"]
[EventCountry "GER"]
[EventCategory "16"]
[SourceTitle "CBM 035"]
[Source "ChessBase"]
[SourceDate "1993.08.01"]
[SourceVersion "1"]
[SourceVersionDate "1993.08.01"]
[SourceQuality "1"]

1. d4 {Konikowski} Nf6 2. c4 e6 3. Nf3 b6 4. a3 Ba6 5. Qc2 Bb7 6. Nc3 c5 7. e4
cxd4 8. Nxd4 Nc6 9. Nxc6 Bxc6 10. Bf4 Nh5 (10... Bc5 11. Be2 O-O 12. Rd1 a5 13.
Bg3 (13. O-O Qe7 14. Bf3 e5 15. Bc1 a4 16. Rfe1 {0,5/Marjanovic,S-Popovic,P/
Paris/1986/}) 13... Qc8 14. O-O Qb7 15. Bf3 Ne8 16. Rd3 d6 17. Rb1 a4 18. e5
dxe5 19. Bxe5 f6 20. Bg3 e5 21. Nd5 Nc7 22. b4 axb3 23. Rdxb3 Nxd5 24. cxd5 $10
{Gelfand,B-Adams,M (2)/Tilburg7/1992/}) 11. Be3 (11. Bd2 Qb8 12. g3 f5 13. Bd3
Bd6 14. O-O-O f4 15. Rhe1 Be5 16. Nd5 O-O 17. Bb4 Rf7 18. Ne7+ Kh8 19. Nxc6
dxc6 {0,5/Polugaevsky,L-Arnason,J/Reykjavik/1987/}) 11... Qb8 $1 (11... Bc5 12.
Bxc5 (12. Qd2 Qc7 13. Be2 Bxe3 14. Qxe3 Nf4 15. Bf3 O-O 16. O-O Rac8 17. Rac1
Ng6 18. Rfd1 f5 19. exf5 Bxf3 20. Qxf3 Rxf5 21. Qe3 Nf4 22. f3 h5 23. g3 Nh3+
24. Kg2 $13 {Savchenko,S-Pliester,L/Groningen (05)/1992/}) 12... bxc5 13. g3
O-O 14. Bd3 Nf6 15. O-O-O d6 16. f4 Rb8 17. Rhg1 e5 18. g4 Nd7 19. f5 Qa5 20.
Be2 Rb7 21. Rxd6 Rfb8 22. Rgd1 Rxb2 23. Qxb2 Rxb2 24. Kxb2 $16 {Bareev,
E-Eingorn,V/URS-53ch Kiev/1986/}) (11... Bd6 $4 12. Qd1 {1-0/Christiansen,
L-Karpov,An/Wijk aan Zee/1993/}) 12. g3 (12. O-O-O Bd6 13. g3 Be5 14. Bd3 Qb7
15. Rhe1 Nf6 16. f4 Bxc3 17. Qxc3 Rc8 18. e5 Nd5 19. Qd4 Ba4 20. Rd2 b5 21. Kb1
bxc4 22. Bxc4 Bb3 23. Bxd5 Bxd5 24. Qb4 $13 {Kramnik,V-Lutz,C/Dortmund (5)/
1993/}) 12... f5 $1 (12... Be7 13. Bd3 Nf6 14. h3 d6 15. O-O a6 16. Rae1 O-O
17. f4 b5 18. cxb5 axb5 19. Kh2 Rc8 20. Qe2 h6 21. Bd2 e5 22. Rf2 Qb7 23. Ref1
Rd8 24. Bc2 $14 {Cramling,P-Csom,I/Ter Apel (05)/1991/}) 13. O-O-O Nf6 14. Bd3
Qb7 15. f3 fxe4 16. Nxe4 Nxe4 17. fxe4 (17. Bxe4 Bxe4 18. fxe4 (18. Qxe4 $2
Qxe4 19. fxe4 Rc8 $17) 18... Be7 19. Rhf1 O-O-O (19... Rf8 $10 {Konikowski})
20. Rf7 Bf6 $10) 17... Bd6 18. Rhf1 Be5 19. Bf4 Qb8 20. Qe2 $2 (20. Bxe5 Qxe5
21. Qf2 O-O-O 22. Qf4 Qxf4+ 23. Rxf4 Rdf8 24. Rdf1 Rxf4 25. Rxf4 Kd8 26. Rf7
Rg8 27. e5 Ke8 $10) 20... O-O 21. Qh5 (21. Qe3 $8 {Konikowski}) 21... Rxf4 $1 (
21... Bxf4+ 22. gxf4 g6 23. Qg4 $40) 22. gxf4 Bxf4+ 23. Kb1 Qe5 24. Qxe5 Bxe5
25. h3 a5 $6 (25... d6 $1 {/\ Be8-g6}) 26. b3 $2 (26. Rf3 a4 27. Rdf1 Bf6 28.
Rxf6 gxf6 29. Rxf6 $10) (26. Rf3 $5 {Konikowski}) 26... d6 $1 27. Rd2 $2 (27.
Rde1 Be8 28. Be2 Bg6 29. Bg4 Re8 30. Ka2 (30. h4 h5 31. Bh3 Bf6 {xh4}) 30... h5
31. Be2 Kh7 $15) (27. Kc2 Be8 28. Rb1 Bg6 29. Kd2 Bd4 30. e5 Bxd3 31. Kxd3 Bxe5
32. Rbe1 $13) 27... Be8 28. Kc2 Bg6 29. Rdf2 Rc8 30. Kd1 Bd4 31. Ra2 $2 (31.
Rg2 Bc5 32. Ra2) (31. Rg2 $142 {Konikowski Lutz}) 31... Rc5 32. Rg2 Rh5 33. Rf3
Be8 34. Kc2 g6 35. Be2 Re5 36. Bd3 Kg7 37. Rg4 g5 38. Rf1 (38. h4 Bh5 $1) 38...
Bc5 39. Kb2 Bg6 40. h4 $2 (40. Rg3 $15) (40. Rg3 $142 $1 {Konikowski}) 40...
gxh4 41. Rxh4 Rg5 (41... d5 42. cxd5 exd5 43. Rff4 $15) 42. Rh2 Rg3 43. Bc2
Bd4+ 44. Kc1 a4 $2 (44... h5 {/\ Kh6-g5}) 45. bxa4 Rxa3 46. Kd2 Rg3 47. Bd3 Rg5
48. Rfh1 Be5 (48... Kf6 49. Rxh7 $1) 49. Rh3 Bd4 50. R3h2 Rg3 51. Rf1 Bf6 52.
Rb1 Bg5+ 53. Kc2 Be3 54. Ra1 Bg1 55. Rd2 Kf6 56. a5 $6 (56. e5+ $1 Kxe5 (56...
dxe5 57. Bxg6 hxg6 58. a5 (58. a5 {Konikowski} bxa5 59. Rxa5 g5 60. c5 Bd4 61.
Rd3 $13 (61. Rd3 Rg2+ $13))) 57. Re1+ Be3 58. Bxg6 hxg6 59. Rd3 $10 (59. Rd3
Kf4 60. Rxd6 e5 61. Rf6+ Kg5 62. Rxe3 Rxe3 63. Rxb6 Ra3 64. Rb5 Kf4 65. a5 e4
66. c5 e3 67. c6 e2 68. Kd2 Kf3 69. Re5 Ra2+ 70. Kd3 Rxa5 71. Re3+ Kf4 72. Rxe2
$10)) 56... bxa5 57. Rxa5 $2 (57. e5+ $1) 57... Bc5 58. Ra1 $6 (58. e5+ Kxe5
59. Bxg6 hxg6 $17 (59... hxg6 {Konikowski} 60. Re2+ Kf6 61. Ra8 g5 62. Rf8+ Ke7
63. Rg8 g4 64. Re4 Rg2+ 65. Kd3 g3 66. Reg4 Bf2 67. R4g7+ Kf6 68. Rg6+ $10))
58... Ke5 $19 59. Rf1 Bg1 60. Rdd1 Be3 61. Rf8 Rg2+ 62. Kb3 Rh2 63. Bb1 Bh5 64.
Re1 Bf2 65. Rf1 Bc5 66. Re1 Be2 67. Ba2 Rh3+ 68. Kb2 Ba3+ 69. Ka1 Bd3 70. Bb1
Bb4 71. Rc1 Bd2 72. Rd1 Bc3+ 73. Ka2 Bxc4+ 74. Ka3 Be2 0-1

[Event "Pamplona 14th"]
[Site "Pamplona"]
[Date "2004.12.24"]
[Round "3"]
[White "Gelfand, Boris"]
[Black "Naiditsch, Arkadij"]
[Result "1-0"]
[WhiteElo "2693"]
[BlackElo "2611"]
[Annotator "Ftacnik,L"]
[PlyCount "67"]
[EventDate "2004.12.22"]
[EventType "tourn"]
[EventRounds "7"]
[EventCountry "ESP"]
[EventCategory "16"]
[SourceTitle "CBM 105"]
[Source "ChessBase"]
[SourceDate "2005.04.11"]
[SourceVersion "1"]
[SourceVersionDate "2005.04.11"]
[SourceQuality "1"]

1. d4 Nf6 2. c4 e6 3. Nf3 b6 4. Nc3 Bb7 5. a3 d5 6. cxd5 Nxd5 7. Qc2 Be7 8. e4
Nxc3 9. bxc3 O-O 10. Bd3 c5 11. O-O cxd4 12. cxd4 Nc6 13. Bb2 Rc8 14. Qe2 Na5
15. Rad1 Re8 16. Ne5 Bf8 (16... f6 17. Ng4 Bf8 18. Ne3 Qe7 19. e5 fxe5 20. dxe5
Qh4 21. Bb5 Bc6 22. Bxc6 Rxc6 23. Rd7 Re7 24. Rd4 Qg5 25. f4 Qg6 26. f5 exf5
27. Nxf5 {Efimov,I-Mokry,K/Prague 1985/ 1-0 (34)}) 17. f4 f6 18. Ng4 Re7 $2 {
The sleepy move will only improve white's attacking chances connected with the
advance of the central pawns.} (18... f5 19. Ne5 (19. exf5 exf5 20. Ne5 g6 21.
Bb5 Re7 22. Rc1 (22. d5 Bxd5 23. Qd3 Rc5 24. Bd4 Be4 25. Bxc5 Bxd3 26. Rxd3
Qxd3 27. Nxd3 bxc5 28. Nxc5 Rf7 $15) 22... Rxc1 23. Rxc1 Bd5 $11) (19. Nf2 Qd6
20. Rc1 Rxc1 21. Rxc1 $14) 19... fxe4 20. Bxe4 Bxe4 21. Qxe4 Nc4 22. Nxc4 Rxc4
23. f5 $14) 19. f5 Qe8 (19... exf5 20. Rxf5 Qd6 21. Rf2 Rec7 22. e5 $16) 20. e5
$1 exf5 (20... fxe5 21. f6 Rf7 22. fxg7 Bxg7 23. dxe5 $18) 21. Bxf5 {[%mdl 128]
Gelfand can claim much better coordination of white's pieces.} fxe5 (21... Rd8
22. Qc2 Qh5 23. exf6 $18) 22. Bxc8 Qxc8 (22... exd4 23. Rxf8+ Qxf8 24. Be6+ Kh8
25. Rxd4 $18) 23. Rc1 Qe8 24. Bc3 (24. Nxe5 Bd5 25. Qg4 $18) 24... Re6 {
Naiditsch sidesteps the devilish threat of the opponent after 24..exd4.} (24...
exd4 25. Qa2+ Kh8 (25... Re6 26. Bxa5 bxa5 27. Rfe1 Bc8 28. Rxc8 Qxc8 29. Rxe6
$18) 26. Nh6 $1 gxh6 27. Rxf8+ Qxf8 28. Bxd4+ Rg7 29. Rc7 $18) 25. Nxe5 Bxa3
26. Ra1 Bd6 27. Qa2 Bxe5 (27... Ba6 28. Rf4 Bc4 29. Qc2 $18) 28. dxe5 h6 29.
Bxa5 bxa5 30. Rab1 Bc8 $6 {Passive retreat can not promise any compensation
for black's suffering.} (30... Be4 31. Rbe1 (31. Rb8 Qxb8 32. Qxe6+ Kh8 33. Qc4
Qb6+ 34. Kh1 Qb7 35. Qe2 $18) 31... Bc6 32. Qxa5 $18) 31. Rb8 Qc6 32. Qa3 Re8
33. Rc1 Qd7 34. Qd6 (34. Qa2+ Kh8 35. e6 $18) (34. Qd6 Qxd6 35. exd6 Bd7 36.
Rxe8+ Bxe8 37. Rc7 $18) 1-0

[Event "Zanic Memorial"]
[Site "Stara Pazova"]
[Date "2001.03.10"]
[Round "2"]
[White "Dimitrov, Vladimir"]
[Black "Prelevic, Dusko"]
[Result "1-0"]
[WhiteElo "2499"]
[BlackElo "2385"]
[Annotator "Ftacnik,L"]
[PlyCount "83"]
[EventDate "2001.03.09"]
[EventType "tourn"]
[EventRounds "11"]
[EventCountry "YUG"]
[EventCategory "8"]
[SourceTitle "CBM 082"]
[Source "ChessBase"]
[SourceDate "2001.05.17"]
[SourceVersion "1"]
[SourceVersionDate "2001.05.17"]
[SourceQuality "1"]

1. d4 Nf6 2. c4 e6 3. Nf3 b6 4. a3 Bb7 5. Nc3 d5 6. Bg5 Be7 7. Qa4+ Qd7 8. Qc2
O-O (8... dxc4 9. e3 O-O (9... Bxf3 10. gxf3 b5 11. Bxf6 Bxf6 12. a4 (12. f4 a5
13. Bg2 Ra7 14. Rd1 c6 15. h4 h6 16. Ne4 Be7 17. Ng3 f5 {0-1 Pinter,J-Balogh,C/
Budapest/2000/ (42)}) 12... c6 13. axb5 cxb5 14. Qe4 O-O 15. f4 Nc6 (15... Rc8
16. Bg2 Nc6 17. O-O Rab8 18. Bh3 b4 19. Na4 Rd8 20. Nc5 Qd5 21. Bg2 Nxd4 22.
exd4 Bxd4 23. Na4 {1/2-1/2 Bacrot,E-Gershon,A/Bermuda 1999/ (23)}) 16. Nxb5 e5
17. fxe5 Nxe5 18. Nc3 Nc6 19. Qd5 Qe8 20. Bg2 Nxd4 21. Qxa8 {1/2-1/2 Gelfand,
B-Lautier,J/Biel/1997/ (21)}) 10. Bxc4 c5 11. dxc5 Bxc5 12. Bd3 h6 13. Bxf6
gxf6 14. Be4 Nc6 15. Rd1 Qc8 16. Na4 Be7 17. Rc1 Na5 18. Qd1 Qb8 19. Bxb7 Qxb7
20. O-O {1/2-1/2 Gelfand,B-Karpov,A/Dortmund/1997/ (20)}) 9. e3 h6 (9... a6 10.
Rd1 Qd8 11. Be2 Nbd7 12. cxd5 exd5 13. O-O Bd6 14. Bd3 h6 15. Bh4 Qe8 16. Qb3
Qe6 17. Bb1 Rfe8 18. Rfe1 Rab8 19. Qc2 g6 20. Ba2 {1-0 Vokac,M-Vatter,H/
Pardubice/1999/ (49)}) 10. Bxf6 Bxf6 11. cxd5 exd5 (11... Bxd5 12. Nxd5 exd5
13. Bd3 a5 14. O-O Qd6 15. Rac1 Ra7 16. Rfd1 Nd7 17. Bh7+ Kh8 18. Bf5 c5 19.
dxc5 Nxc5 20. Nd4 Bxd4 21. Rxd4 {1-0 Cebalo,M-Meier,K/Zuerich/1999/ (44)}) 12.
Rd1 Nc6 (12... c5 $5 13. dxc5 bxc5 14. Nxd5 (14. Ne4 Be7 15. Nxc5 Qc7 16. b4
Nd7 $11) 14... Bxd5 15. Bc4 Bd4 16. Bxd5 Qxd5 17. exd4 Re8+ 18. Kf1 cxd4 19.
Rxd4 Qb5+ $11) 13. Be2 Nd8 14. O-O Re8 15. b4 c6 16. Qb3 a6 (16... Ne6 17. b5
$1 Rac8 18. bxc6 $14) 17. a4 Ne6 18. a5 {White strives for the standard
structure, but absence of dark squared bishop gives black enough
counterchances.} (18. b5 cxb5 $1 19. axb5 a5 $13) 18... b5 (18... bxa5 $5 19.
bxa5 Rab8 20. Qa3 Be7 21. Qa4 Qc7 22. Rd2 c5 $11) 19. Ne1 Qd6 20. Nd3 Bc8 21.
Rfe1 (21. Rc1 $5 Bxd4 $140 $2 22. exd4 Nxd4 23. Qd1 $18) 21... Ra7 22. Bf1 Bd8
(22... Rae7 23. Rc1 $14) 23. Ne5 Nf8 (23... Rc7 24. g3) (23... Be7 $5 24. Nd3
$11) 24. Rc1 Rc7 25. g3 Be6 26. Ne2 f6 $6 (26... Bf6 27. Nd3 Nd7 28. Bg2 Bf5
$11) (26... Be7 27. Nd3 $14) 27. Nd3 Nh7 $2 {[%mdl 32] Black is misplacing the
knight on top of creating weaknesses.} (27... Nd7 28. Bg2 Bf7 $14) 28. Nc5 Bc8
(28... Ng5 29. Bg2 Nh3+ $6 30. Kf1 Bc8 31. e4 $18) 29. Bg2 Ng5 30. Nf4 f5 (
30... Kf8 31. e4 $1 $18) 31. Nfd3 Ne4 32. Re2 g5 (32... Bf6 33. Rec2 Ree7 34.
Nf4 $16) 33. Rec2 Kg7 (33... Bf6 34. g4 $1 Ree7 35. gxf5 Nxc5 36. Nxc5 $16) 34.
Ne5 {It becomes clear, that Prelevic's strategy has failed.} Bf6 (34... Nxc5
35. Rxc5 Bd7 36. Qc3 f4 37. exf4 gxf4 38. Bxd5 $18) 35. Nxe4 fxe4 (35... dxe4
36. Rxc6 Bxe5 37. Rxc7+ Qxc7 38. Rxc7+ Bxc7 39. Qc3 $18) 36. Rxc6 Rxc6 37. Rxc6
Qd8 38. f4 (38. Bxe4 $1 Bxe5 39. Rg6+ Kf7 (39... Kf8 40. dxe5 dxe4 41. Qg8+ Ke7
42. Rg7#) 40. dxe5 Rxe5 41. Bc2 Re6 42. Qd3 $18) 38... gxf4 (38... exf3 39. Qc2
f2+ 40. Kxf2 Bxe5 41. Qg6+ Kh8 42. dxe5 $18) 39. exf4 Bb7 40. Rc5 Be7 41. Qd1
$1 Bxc5 42. Qg4+ (42. Qg4+ Kh8 (42... Kf6 43. Qg6+ Ke7 44. Qf7+ Kd6 45. dxc5#)
43. Nf7+ (43. dxc5 Qc8 44. Qg6 Re7 45. Qxh6+ Rh7 46. Qd6 $18) 43... Kh7 44.
Nxd8 Bxd4+ 45. Kf1 Rxd8 46. Qe6 $18) 1-0

[Event "EU-Cup 21st"]
[Site "Saint Vincent"]
[Date "2005.09.23"]
[Round "6.1"]
[White "Azmaiparashvili, Zurab"]
[Black "Aronian, Levon"]
[Result "0-1"]
[WhiteElo "2672"]
[BlackElo "2724"]
[Annotator "Ftacnik,L"]
[PlyCount "114"]
[EventDate "2005.09.18"]
[EventType "team-swiss"]
[EventRounds "7"]
[EventCountry "ITA"]
[SourceTitle "CBM 110"]
[Source "ChessBase"]
[SourceDate "2006.01.31"]
[SourceVersion "1"]
[SourceVersionDate "2006.01.31"]
[SourceQuality "1"]
[WhiteTeam "Tbilisi"]
[BlackTeam "Tomsk 400"]
[WhiteTeamCountry "GEO"]
[BlackTeamCountry "RUS"]

1. d4 Nf6 2. c4 e6 3. Nf3 b6 4. Nc3 Bb7 5. Bg5 h6 6. Bh4 Be7 7. e3 c5 8. Bd3
cxd4 9. exd4 O-O 10. Bc2 {White is planning the attack along tha b1-h7
diagonal, but black is well equiped to cope with such simple idea.} (10. O-O d6
(10... Nc6 11. Re1 d5 12. Bxf6 Bxf6 13. cxd5 Nxd4 14. Nxd4 Bxd4 15. dxe6 fxe6
16. Re2 Qf6 17. Qe1 Bxg2 18. Be4 Bxe4 19. Nxe4 Qg6+ 20. Kh1 Rf4 {0-1 Gouret,
T-Marin,M/Badalona 1995/ (30)}) 11. Re1 (11. Rc1 Nbd7 12. Re1 Re8 13. b4 Rc8
14. h3 Nh5 15. Bxe7 Qxe7 16. d5 Nf4 17. Bf1 Ne5 18. Nxe5 dxe5 19. d6 Qg5 20.
Qg4 {1-0 Raicevic,V-Condie,M/Troon 1984/ (47)}) 11... Nbd7 12. a3 Re8 13. Rc1
Rc8 14. Bf1 d5 15. Ne5 dxc4 16. Nxc4 a6 {1/2-1/2 Lautier,J-Polugaevsky,L/Biel
1990/}) 10... d5 11. cxd5 (11. Bxf6 Bxf6 12. cxd5 Bxd5 (12... exd5 13. O-O Nc6
14. Re1 Qd6 15. Qd3 g6 $13) 13. Qd3 g6 14. Nxd5 Qxd5 15. Qe3 Qa5+ 16. Qc3 Nc6
17. Be4 Rac8 $15) 11... Nxd5 12. Qd3 (12. Bxe7 Qxe7 13. O-O Nd7 14. Nxd5 Bxd5
15. Qd3 Nf6 16. Ne5 Rfd8 17. Ng4 g6 18. Ne5 $11) 12... g6 (12... f5 13. Bxe7
Qxe7 14. Qd2 Nd7 15. O-O $11) 13. Nxd5 $6 {It is well known, that exchange of
the pieces in the position with isolated pawn is usually a dubious strategy.} (
13. Bxe7 Qxe7 14. Qd2 Kh7 15. Be4 Nd7 16. O-O N7f6 $11) 13... Bxd5 14. Bxe7
Qxe7 15. Bb3 (15. O-O Nc6 16. Bd1 (16. Qe3 Bxf3 17. gxf3 Rad8 18. Rad1 Qf6 $17)
16... Rad8 $17) 15... Qb4+ 16. Qc3 (16. Qd2 Qxd2+ 17. Kxd2 Bxf3 18. gxf3 Nc6
$15) 16... Qxc3+ 17. bxc3 Bxf3 $1 {This is the idea, that Azmaiparashvili
might have underestimated from afar. Black will play the middlegame without
queens against white's numerous pawn weaknesses.} 18. gxf3 Nc6 19. Kd2 (19. h4
h5 20. O-O-O Rac8 21. Kb2 Rfd8 $15) 19... Rfd8 20. Rhd1 Rac8 21. Rac1 Na5 22.
Kd3 Rc5 $1 23. Ke3 (23. Rg1 b5 $15) 23... Rh5 24. c4 (24. Rh1 b5 $15) 24... Kg7
(24... Rxh2 25. c5 bxc5 26. dxc5 Rxd1 27. Rxd1 Rh5 28. Rc1 Nc6 $15) 25. Ba4 (
25. Rh1 e5 26. d5 Rh4 $15) 25... Rxh2 (25... e5 26. d5 Rxh2 27. c5 bxc5 28.
Rxc5 Nb7 29. Rc7 Nd6 30. Rxa7 Nf5+ $17) 26. c5 Rh5 (26... bxc5 27. dxc5 Rxd1
28. Bxd1 Rh1 29. Kd2 Nc6 $17) 27. c6 {Fortunatelly for black he can fully
neutralize this dangerous passed pawn and the white h pawn will keep missing.}
(27. cxb6 axb6 28. Rb1 Nc4+ 29. Kd3 b5 $1 $19) 27... Rhd5 28. Rc3 (28. c7 Rc8
29. Bc6 Nxc6 30. Rxc6 Kf6 31. Rdc1 Ke7 $17) 28... Rc8 29. c7 b5 $1 30. Bb3 Rd7
31. Rc5 (31. Rdc1 Nc4+ 32. Bxc4 Rdxc7 $19) 31... Rcxc7 32. Rxb5 Nxb3 (32... Nb7
33. Ba4 Rd8 34. Ke2 h5 $17) 33. axb3 (33. Rxb3 Rc2 $17) 33... Rb7 34. Rxb7 Rxb7
{[%mdl 4096] The rook endgame is very promissing for black, all white pawns
are isolated.} 35. Rd3 g5 36. f4 g4 37. f5 (37. Ke2 Kg6 38. Kf1 Kf5 $19) 37...
exf5 38. Kf4 Rb5 (38... Kf6 39. Rc3 h5 40. Rc6+ Kg7 41. Rc3 Rb4 42. Kg5 Rxd4
43. Kxh5 Rf4 $19) 39. d5 Kf6 40. d6 Rb4+ 41. Kg3 (41. Ke3 f4+ 42. Ke2 Rb8 43.
d7 Rd8 44. Rd6+ Ke5 45. Rxh6 Rxd7 $19) 41... Rb8 42. Kf4 (42. d7 Rd8 43. Kf4
Ke6 44. Re3+ Kxd7 45. Kxf5 h5 46. Kg5 Rh8 $19) 42... h5 43. d7 Ke7 44. Kxf5 (
44. Rd5 h4 (44... a6 45. Rxf5 Rxb3 46. Rxh5 Rb4+ 47. Kg3 Kxd7 48. Ra5 Rb6 49.
Kxg4 Kc7 $17) 45. Rxf5 g3 46. fxg3 hxg3 47. d8=Q+ Rxd8 48. Ra5 Rd3 49. Rxa7+
Kf6 50. Ra8 Rxb3 51. Ra2 Kg6 $19) 44... Rb5+ 45. Kf4 Kd8 {Aronian has managed
to blockade the passed pawns and his rook will try to inflict the maximal
demage.} 46. f3 (46. Kg3 Rb7 47. Kh4 Rxd7 48. Rc3 Rd5 $17) 46... Rb4+ 47. Kg3
f5 48. Kh4 (48. Rd5 Rxb3 $19) (48. fxg4 hxg4 49. Kh4 Rf4 $1 $19) 48... Rf4 (
48... gxf3+ 49. Kg3 h4+ 50. Kxf3 a6 $19) 49. fxg4 hxg4 50. Rd1 Rf3 51. b4 g3
52. Kh3 f4 53. Kg2 Rf2+ 54. Kg1 Rb2 55. Rd3 (55. Rd4 f3 $19) 55... Rxb4 56. Kg2
Rb2+ 57. Kg1 a5 0-1